LEADER 01142nam--2200373---450- 001 990002164830203316 005 20090506140719.0 035 $a000216483 035 $aUSA01000216483 035 $a(ALEPH)000216483USA01 035 $a000216483 100 $a20041111d1980----||ita|0103 ba 101 $aita 102 $aIT 105 $a|||| ||||| 200 1 $aFilosofie e società$fMario Vegetti, Franco Alessio, Fulvio Papi 210 $aBologna$cZanichelli$d1980 215 $a3 v.$d24 cm 606 $aFilosofia$xStoria 676 $a109 700 1$aVEGETTI,$bMario$040815 701 1$aPAPI,$bFulvio$053386 701 1$aALESSIO,$bFranco$0159597 801 0$aIT$bUNFI$c19980928 912 $a990002164830203316 951 $aII.7. 15/1 (ISP III 317/I)$b60211 E.C.$cISP III$d00191176 951 $aII.7. 15/2 (ISP III 317/II)$b60212 E.C.$cISP III$d00191177 951 $aII.7. 15/3 (ISP III 317/III)$b60213 E.C.$cISP III$d00191178 959 $aBK 969 $aECO 979 $aSIAV6$b10$c20041111$lUSA01$h1853 979 $aRSIAV1$b90$c20090506$lUSA01$h1407 996 $aFilosofie e società$9877847 997 $aUNISA LEADER 01374nam0 2200469 450 001 990009420820403321 005 20250225153009.0 035 $a000942082 035 $aFED01000942082 035 $a(Aleph)000942082FED01 100 $a20161109d19681972km y0itay50 ba 101 0 $aeng 102 $aGB 105 $aa 001yy 200 1 $aHistochemistry$etheoretical and applied$fby A. G. Everson Pearse 205 $a3rd ed. 210 $aLondon$cChurchill$dc1968-1972 215 $a2 v.$cill.$d24 cm 307 $a1.: vii, 759 p. ; 2.: 761-1518 p. 610 0 $aLaboratorio$aTecniche 610 0 $aIstologia 676 $a574.821$v22$zita 700 1$aPearse,$bAnthony Guy Everson$0100950 801 0$aIT$bUNINA$gRICA$2UNIMARC 901 $aBK 912 $a990009420820403321 952 $aIIId C 298 1(1)$b8879$fDMVSF 952 $aIIId C 175 1 (1)$fDMVSF 952 $aIIId C 175 1 (2)$fDMVSF 952 $aIIId C 249 1 (1)$b8603$fDMVSF 952 $aIIId C 249 1 (2)$b8681$fDMVSF 952 $a56 D 10$b7505$fDMVAP 952 $aCISME-574.821-PEA-1-1$b343$fSC1 952 $aCISME-574.821-PEA-1-2$b495$fSC1 952 $aA BOT 383-1$b03/1816/25$fFAGBC 952 $aA BOT 383-2$b03/1817/25$fFAGBC 959 $aDMVSF 959 $aDMVAP 959 $aSC1 959 $aFAGBC 996 $aHistochemistry$9403285 997 $aUNINA